Teología de los santuarios marianos / (Record no. 117794)

MARC details
000 -LEADER
campo de control de longitud fija 00532nam a2200169 4500
001 - NÚMERO DE CONTROL
campo de control 117794
003 - IDENTIFICADOR DE NÚMERO DE CONTROL
campo de control ES-MaACL
005 - FECHA Y HORA DE LA ÚLTIMA TRANSACCIÓN
campo de control 20230906190954.0
007 - CAMPO FIJO DE DESCRIPCIÓN FÍSICA--INFORMACIÓN GENERAL
campo de control de longitud fija t|
008 - DATOS DE LONGITUD FIJA--INFORMACIÓN GENERAL
campo de control de longitud fija 070214s1965 cl r ||||1| spa d
100 1# - ENTRADA PRINCIPAL--NOMBRE DE PERSONA
Nombre de persona Pereira, Benjamín.
9 (RLIN) 90466
245 10 - MENCIÓN DEL TÍTULO
Título Teología de los santuarios marianos /
Mención de responsabilidad, etc. Benjamín Pereira.
260 ## - PUBLICACIÓN, DISTRIBUCIÓN, ETC.
Lugar de publicación, distribución, etc. [Santiago de Chile?] :
Nombre del editor, distribuidor, etc. Sociedad del Apostolado Católico,
Fecha de publicación, distribución, etc. 1965.
300 ## - DESCRIPCIÓN FÍSICA
Extensión 167 p. ;
Dimensiones 21 cm.
710 2# - ENTRADA AGREGADA--NOMBRE DE ENTIDAD CORPORATIVA
Nombre de entidad corporativa o nombre de jurisdicción como elemento de entrada Sociedad del Apostolado Católico.
9 (RLIN) 6695
852 ## - LOCALIZACIÓN
Ubicación ES-MaACL
Número de control de estantería C-27471
Sublocalización o colección R.56342
Holdings
Estatus retirado Estado de pérdida Estado de daño No para préstamo Biblioteca de origen Biblioteca actual Ubicación en estantería Fecha de adquisición Fuente de adquisición Total de préstamos Signatura topográfica completa Código de barras Visto por última vez Precio de reemplazo Tipo de ítem Koha
        Biblioteca del Ateneo de Madrid Biblioteca del Ateneo de Madrid Depósito 2 17/01/2008     C-27471 1122804 23/02/2023 23/02/2023 Libro impreso